MARC details
| 000 -LEADER |
| campo de control de longitud fija |
02233cac a2200289 a 4500 |
| 003 - IDENTIFICADOR DE NÚMERO DE CONTROL |
| campo de control |
CO-PeBPM |
| 005 - FECHA Y HORA DE LA ÚLTIMA TRANSACCIÓN |
| campo de control |
20250520203538.0 |
| 007 - CAMPO FIJO DE DESCRIPCIÓN FÍSICA--INFORMACIÓN GENERAL |
| campo de control de longitud fija |
ta |
| 008 - DATOS DE LONGITUD FIJA--INFORMACIÓN GENERAL |
| campo de control de longitud fija |
231129s1998||||ck ||||||||||||| ||spa|| |
| 020 ## - NÚMERO INTERNACIONAL ESTÁNDAR DEL LIBRO |
| Número Internacional Estándar del Libro |
84893335 |
| 040 ## - FUENTE DE CATALOGACIÓN |
| Centro catalogador/agencia de origen |
CO-PeBPM |
| Lengua de catalogación |
spa |
| Centro/agencia transcriptor |
CO-PeBPM |
| Normas de descripción |
rda |
| 041 ## - CÓDIGO DE IDIOMA |
| Código de lengua del texto/banda sonora o título independiente |
spa |
| 082 04 - NÚMERO DE LA CLASIFICACIÓN DECIMAL DEWEY |
| Número de clasificación |
150.19582 S844d |
| Número de edición |
22 |
| 100 10 - ENTRADA PRINCIPAL--NOMBRE DE PERSONA |
| Nombre de persona |
Stevens, John O. |
| Término indicativo de función/relación |
autor |
| 245 10 - MENCIÓN DEL TÍTULO |
| Título |
El darse cuenta |
| Resto del título |
: Sentir imaginar vivenciar. Ejercicios y experimentos en terapia Guestaltica |
| Mención de responsabilidad, etc. |
/ John O. Stevens; traducción de Martín Bruggendieca |
| 250 ## - MENCION DE EDICION |
| Mención de edición |
decima novena reimpresión |
| 260 ## - PUBLICACIÓN, DISTRIBUCIÓN, ETC. |
| Lugar de publicación, distribución, etc. |
Santiago Chile |
| Nombre del editor, distribuidor, etc. |
: Cuatro Vientos |
| Fecha de publicación, distribución, etc. |
, 1998 |
| 300 ## - DESCRIPCIÓN FÍSICA |
| Extensión |
269 páginas |
| Dimensiones |
24 centímetros |
| 500 ## - NOTA GENERAL |
| Nota general |
Incluye índice |
| 505 ## - NOTA DE CONTENIDO CON FORMATO |
| Nota de contenido con formato |
Introducción, cap.1 comunicación interior, cap.2 comunicación con otros, cap.3 al coordinador o líder del grupo, cap.4 viajes imaginarios, cap.5 pares, cap.6 parejas, cap.7 actividades de grupo, cap.8 arte, movimiento y sonido, cap.9 |
| 520 ## - RESUMEN, ETC. |
| Sumario, etc. |
El darse cuenta es la obra en que John O. Stevens, eminente terapeuta gestáltico norteamericano, nos entrega su valiosa experiencia y nos va enseñando, paso a paso, la forma en que podemos, precisamente, llegar a sentir, imaginar, vivenciar y, en última instancia, darnos cuenta de los obstáculos que limitan nuestra relación con los demás. En este libro, el autor desarrolla más de cien ejercicios, que bien entendidos y aplicados con certeza serán una valiosa ayuda en la tarea de todo aquel que trabaje con grupos humanos : profesores, actores, terapeutas, orientadores, etc. Mucho se escribe y se habla de Terapia Gestáltica ; se insiste en ser Gestáltico y en vivir aquí y ahora, sin embargo, poco se sabe de que todas estas expresiones verbales y literarias pueden transformarse en una experiencia vital, sin necesidad de recurrir a la ayuda de expertos. Es posible descubrir muchísimo más de uno mismo, si con honestidad y persistencia se lee un libro como éste. |
| 650 14 - PUNTO DE ACCESO ADICIONAL DE MATERIA--TÉRMINO DE MATERIA |
| Término de materia o nombre geográfico como elemento de entrada |
Gestalt (psicologia) |
| Fuente del encabezamiento o término |
LEMB |
| 650 14 - PUNTO DE ACCESO ADICIONAL DE MATERIA--TÉRMINO DE MATERIA |
| Término de materia o nombre geográfico como elemento de entrada |
Psicología de la forma |
| Fuente del encabezamiento o término |
LEMB |
| 700 14 - ENTRADA AGREGADA--NOMBRE PERSONAL |
| Nombre de persona |
Bruggendieck, Martín |
| Término indicativo de función/relación |
traducción |
| 942 ## - ELEMENTOS DE ENTRADA SECUNDARIOS (KOHA) |
| Fuente del sistema de clasificación o colocación |
Clasificación Decimal Dewey |
| Tipo de ítem Koha |
Libros |